| 000 | 00507nam a2200181Ia 4500 | ||
|---|---|---|---|
| 001 | 18056 | ||
| 005 | 20260306171602.0 | ||
| 008 | 260306s9999||||xx |||||||||||||| ||und|| | ||
| 041 | _aESP | ||
| 082 |
_a658.4 _bH22 |
||
| 100 |
_aHargrove, Robert _eAUT |
||
| 245 | 0 |
_aYour coach (in a book): _bmastering the trickiest leardership, business, and career challenges You will ever face |
|
| 260 | _c2004 | ||
| 300 |
_axviii, 254 páginas : _c |
||
| 650 | _aGEN | ||
| 654 | _aCAN | ||
| 942 |
_cLIB _dJUS _fJUS _2ddc _n |
||
| 999 |
_c18056 _d18056 |
||